| 000 | 00427 a2200133 4500 | ||
|---|---|---|---|
| 001 | ART_45511 | ||
| 005 | 20260410161731.0 | ||
| 008 | 260409a | ||
| 245 | 1 | 0 | _aRepresentatividad, disponibilidad y sobreconfianza |
| 100 | 1 | _aManzanal, Melisa | |
| 700 | 1 | _aMilanesi, Gastón S. | |
| 700 | 1 | _aVigier, Hernán | |
| 773 | 0 |
_tEscritos contables y de administración _g- Vol. 7, Nº 2 (jul./dic. 2006) _wREV2758 |
|
| 999 |
_c17828 _d17828 |
||